<?xml version="1.0" encoding="UTF-8"?><?xml-stylesheet type="text/xsl" href="static/style.xsl"?><OAI-PMH xmlns="http://www.openarchives.org/OAI/2.0/" xmlns:xsi="http://www.w3.org/2001/XMLSchema-instance" xsi:schemaLocation="http://www.openarchives.org/OAI/2.0/ http://www.openarchives.org/OAI/2.0/OAI-PMH.xsd"><responseDate>2026-04-17T03:14:55Z</responseDate><request verb="GetRecord" identifier="oai:www.recercat.cat:2099.1/16387" metadataPrefix="marc">https://recercat.cat/oai/request</request><GetRecord><record><header><identifier>oai:recercat.cat:2099.1/16387</identifier><datestamp>2025-07-23T05:44:18Z</datestamp><setSpec>com_2072_1033</setSpec><setSpec>col_2072_452951</setSpec></header><metadata><record xmlns="http://www.loc.gov/MARC21/slim" xmlns:dcterms="http://purl.org/dc/terms/" xmlns:xsi="http://www.w3.org/2001/XMLSchema-instance" xmlns:doc="http://www.lyncode.com/xoai" xsi:schemaLocation="http://www.loc.gov/MARC21/slim http://www.loc.gov/standards/marcxml/schema/MARC21slim.xsd">
   <leader>00925njm 22002777a 4500</leader>
   <datafield ind2=" " ind1=" " tag="042">
      <subfield code="a">dc</subfield>
   </datafield>
   <datafield ind2=" " ind1=" " tag="720">
      <subfield code="a">Heaxts Aragonés, Marc</subfield>
      <subfield code="e">author</subfield>
   </datafield>
   <datafield ind2=" " ind1=" " tag="260">
      <subfield code="c">2012-04</subfield>
   </datafield>
   <datafield ind2=" " ind1=" " tag="520">
      <subfield code="a">Premi al millor Projecte de Fi de Carrera presentat durant l'any 2012 en l'àmbit de Mecatrònica que atorga TECNOTRANS BONFIGLIOLI.</subfield>
   </datafield>
   <datafield ind2=" " ind1=" " tag="520">
      <subfield code="a">En aquest projecte s’ha implementat un sistema de detecció de la posició inicial del&#xd;
rotor en una màquina síncrona d’imants permanents sense usar cap tipus de sensor&#xd;
mecànic. En el control d’aquest tipus de motors s’exigeix conèixer la posició del&#xd;
rotor en qualsevol règim de funcionament; aquest fet provoca que aquests s’equipin&#xd;
normalment amb resolvers o encoders absoluts, que donen la posició absoluta del&#xd;
rotor, però que representen un increment en la complexitat constructiva i en el preu&#xd;
final del motor. En aquest projecte s’ha realitzat un mètode efectiu per estimar la&#xd;
posició inicial del rotor mitjançant l’aplicació de tensions d’alta freqüència i analitzant&#xd;
els corrents de sortida. També s’ha complementat amb un control de velocitat&#xd;
tensió-freqüència amb llaç estabilitzador sense sensor de posició.</subfield>
   </datafield>
   <datafield ind2=" " ind1=" " tag="520">
      <subfield code="a">Award-winning</subfield>
   </datafield>
   <datafield tag="653" ind2=" " ind1=" ">
      <subfield code="a">Àrees temàtiques de la UPC::Enginyeria electrònica::Instrumentació i mesura::Sensors i actuadors</subfield>
   </datafield>
   <datafield tag="653" ind2=" " ind1=" ">
      <subfield code="a">Permanent magnet motors</subfield>
   </datafield>
   <datafield tag="653" ind2=" " ind1=" ">
      <subfield code="a">Detectors</subfield>
   </datafield>
   <datafield tag="653" ind2=" " ind1=" ">
      <subfield code="a">Motors d'imants permanents</subfield>
   </datafield>
   <datafield tag="653" ind2=" " ind1=" ">
      <subfield code="a">Detectors</subfield>
   </datafield>
   <datafield ind2="0" ind1="0" tag="245">
      <subfield code="a">Disseny i implementació d'un mètode per l'estimació de la posició inicial sense ús de sensors mecànics per a un motor síncron d'imants permanents</subfield>
   </datafield>
</record></metadata></record></GetRecord></OAI-PMH>